Visualizzazione normale
Vista MARC
- Selvaggi, Armellini, Dallaporta, De Tivoli, Fantappié, Pende, Ranzi, Severi, Van Hagens
di Personal Name
Records bibliografici associati: 1
001 - CONTROL NUMBER
- control field: 13819
003 - CONTROL NUMBER IDENTIFIER
- control field: IT-RoPau
005 - DATE AND TIME OF LATEST TRANSACTION
- control field: 20140217174012.0
008 - FIXED-LENGTH DATA ELEMENTS
- fixed length control field: 140217|| aca||aabn | a|a d
040 ## - CATALOGING SOURCE
- Original cataloging agency: IT-RoPau
- Transcribing agency: IT-RoPau
100 ## - HEADING--PERSONAL NAME
- Personal name: Selvaggi, Armellini, Dallaporta, De Tivoli, Fantappié, Pende, Ranzi, Severi, Van Hagens
670 ## - SOURCE DATA FOUND
- Source citation: Work cat.: (IT-RoPau)20381: Selvaggi, Armellini, Dallaporta, De Tivoli, Fantappié, Pende, Ranzi, Severi, Van Hagens, Valore e metodo della scienza, 1952